F.B.I.'s most wanted list - last names - Statistics

General Stats
  • This quiz has been taken 23 times
  • The average score is 2 of 10
Answer Stats
Hint Answer % Correct
Osma bin Laden
100%
Ted Bundy
63%
William Bradford Bishop
5%
James Earl Ray
5%
Billie Austin Bryant
0%
Ruth Eisemann-Schier
0%
Victor Manuel Gerena
0%
Thomas James Holden
0%
Eugene Palmer
0%
Leslie Isben Rogge
0%
No matching quizzes found
Score Distribution
Percent of People with Each Score
Percentile by Number Answered
Your Score History
You have not taken this quiz